书目信息 |
| 题名: |
铅酸蓄电池制造技术
|
|
| 作者: | 柴树松 编著 | |
| 分册: | ||
| 出版信息: | 北京 机械工业出版社 2020.8 |
|
| 页数: | 10,376页 | |
| 开本: | 26cm | |
| 丛书名: | ||
| 单 册: | ||
| 中图分类: | TM912.15 | |
| 科图分类: | ||
| 主题词: | 铅蓄电池--制造 | |
| 电子资源: | ||
| ISBN: | 978-7-111-55554-4 | |
| 000 | 00829nam0 2200265 45 | |
| 001 | 012001002696 | |
| 005 | 20211020091501.52 | |
| 010 | @a978-7-111-55554-4@dCNY79.00 | |
| 090 | @aTM91@bcss | |
| 096 | @aTM91@bcss | |
| 100 | @a20170413d2017 em y0chiy50 ea | |
| 101 | 0 | @achi |
| 102 | @aCN@b110000 | |
| 105 | @aa z 000yy | |
| 106 | @ar | |
| 200 | 1 | @a铅酸蓄电池制造技术@Aqian suan xu dian chi zhi zao ji shu@f柴树松编著 |
| 205 | @a2版 | |
| 210 | @a北京@c机械工业出版社@d2020.8 | |
| 215 | @a10,376页@c图@d26cm | |
| 330 | @a本书对铅酸蓄电池的基础理论、工艺过程、产品设计、质量控制、环境保护、能源消耗、前沿技术、原辅材料及检测等进行了介绍。 | |
| 606 | 0 | @a铅蓄电池@x制造 |
| 690 | @aTM912.15@v5 | |
| 701 | 0 | @a柴树松@Achai shu song@4编著 |
| 801 | 2 | @aCN@bBJSDL@c20211018 |
| 905 | @b1350207-10@dTM912.15@e178=2@f4 | |
| 铅酸蓄电池制造技术/柴树松编著.-2版.-北京:机械工业出版社,2020.8 |
| 10,376页:图;26cm |
| ISBN 978-7-111-55554-4:CNY79.00 |
| 本书对铅酸蓄电池的基础理论、工艺过程、产品设计、质量控制、环境保护、能源消耗、前沿技术、原辅材料及检测等进行了介绍。 |
| ● |
| 相关链接 |
|
|
|
|
正题名:铅酸蓄电池制造技术
索取号:TM912.15/178=2
 
预约/预借
| 序号 | 登录号 | 条形码 | 馆藏地/架位号 | 状态 | 备注 |
| 1 | 1350207 | 213502075 | 第二样本阅览室/ [索取号:TM912.15/178=2] | 在馆 | |
| 2 | 1350208 | 213502084 | 第三借阅区/ [索取号:TM912.15/178=2] | 在馆 | |
| 3 | 1350209 | 213502093 | 第三借阅区/ [索取号:TM912.15/178=2] | 在馆 | |
| 4 | 1350210 | 213502100 | 第三借阅区/ [索取号:TM912.15/178=2] | 在馆 |